La guerra persistente: memoria, violencia y utopía, representaciones contemporáneas de la Guerra Civil española
में बचाया:
| मुख्य लेखक: | |
|---|---|
| स्वरूप: | पुस्तक |
| भाषा: | स्पेनिश |
| प्रकाशित: |
Madrid, España
Iberoamericana
2006
|
| श्रृंखला: | La casa de la riqueza. Estudios de cultura de España,
10 |
| विषय: | |
| टैग: |
टैग जोड़ें
कोई टैग नहीं, इस रिकॉर्ड को टैग करने वाले पहले व्यक्ति बनें!
|
MARC
| LEADER | 00000nam a2200000 a 4500 | ||
|---|---|---|---|
| 001 | UCI4142 | ||
| 003 | CL-VaPUC | ||
| 005 | 20241121130328.0 | ||
| 008 | 071221e20060000SP |||||||||||||||||spa|d | ||
| 999 | |c 328128 |d 328126 | ||
| 020 | |a 8484892603 | ||
| 040 | |c Pontificia Universidad Católica de Valparaíso | ||
| 082 | 0 | 4 | |a 946.081 GOM 2006 |2 21 |
| 100 | |a Gómez Lòpez-Quiñones, Antonio |e author |9 525843 | ||
| 245 | 1 | 3 | |a La guerra persistente: |b memoria, violencia y utopía, representaciones contemporáneas de la Guerra Civil española |
| 260 | |a Madrid, España |b Iberoamericana |c 2006 | ||
| 300 | |a 306 páginas | ||
| 490 | 0 | |a La casa de la riqueza. Estudios de cultura de España, |v 10 | |
| 583 | |a last modification |c 20120830 11:54:54 |k Rodrigo Vera | ||
| 650 | 7 | |a HISTORIA DE ESPAÑA |2 CL-VaPUC |9 367657 |y 1936-1939 | |
| 650 | 0 | |a Guerra civil española |9 331803 | |
| 852 | |a BIBCUR | ||
| 942 | |c BK |2 ddc | ||
| 945 | |d 20071221 00:00:00 |a jtorresc | ||
| 952 | |0 0 |1 0 |2 ddc |4 0 |6 946_081000000000000_GOM_2006 |7 0 |8 A |9 411905 |a BIBHIS |b BIBHIS |d 2019-11-22 |i 4397770 |o 946.081 GOM 2006 |p 4397770 |r 2025-01-20 |t 1 |w 2019-11-22 |y BK |k HIS | ||